| 000 | 00995cam a2200349 i 4500 | ||
|---|---|---|---|
| 001 | 200468167 | ||
| 003 | TR-AnTOB | ||
| 005 | 20260417094718.0 | ||
| 007 | ta | ||
| 008 | 260417r19731944nyu 000 1 eng | ||
| 010 | _a 88017983 | ||
| 020 |
_a014001862X _q(paperback) |
||
| 035 | _a4328788 | ||
| 035 | _a(TR-AnTOB)200468167 | ||
| 040 |
_aDLC _beng _erda _cDLC _dDLC _dTR-AnTOB |
||
| 041 | 0 | _aeng | |
| 050 | 0 | 0 |
_aPS3503.E4488 _bD3 1973 |
| 090 |
_aPS3503.E4488 _bD3 1973 |
||
| 100 | 1 |
_aBellow, Saul _eauthor _4aut _9145509 |
|
| 245 | 1 | 0 |
_aDangling man / _cSaul Bellow. |
| 264 | 1 |
_aNew York, NY : _bPenguin Books, _c1973. |
|
| 300 |
_a159 pages ; _c18 cm |
||
| 336 |
_atext _btxt _2rdacontent |
||
| 337 |
_aunmediated _bn _2rdamedia |
||
| 338 |
_avolume _bnc _2rdacarrier |
||
| 651 | 0 |
_aChicago (Ill.) _vFiction _9153754 |
|
| 655 | 7 |
_aPsychological fiction _2lcgft _95034 |
|
| 655 | 7 |
_aFiction _2lcgft _9151487 |
|
| 942 |
_2lcc _cBK |
||
| 999 |
_c200468167 _d86379 |
||